000 00983nam a2200277 a 4500
003 BLK
005 20250725143751.0
007 ta
008 221104b bu |||||r|||| 00| | bu d
020 _a9786191868094
040 _aBLK
041 _aBUL
_cBUL
080 _9227592
_aБългарска литература
_b821.163.2
_x-32
_z821.163.2-32
084 _aК 36
100 _9365299
_aКарастоянов, Христо Тодоров
245 _aПетият вагон и други истории
_bМалки романи за из път
_cХристо Карастоянов
260 _9209682
_aПловдив
_bЖанет 45
_c2023
300 _a368 с.
_c20 с.
380 _aX
500 _aБиогр. данни за авт. отбелязани на гърба на кор.
852 _aЦб 319994
_bЦб
856 _i0.00
_ldisable
942 _cKNG
_n0
_03
944 _cМоника Янева
_k30575
_lМартин Енчев
999 _c497094
_d497094
999 _d497094